000 00430nam a22001577a 4500
999 _c527264
_d527264
020 _a9789380027654
_qPbk
082 _a620.106
_bKUM
100 _aKumar, D.S.
245 _aFluid mechanics /
_cD. S. Kumar
260 _aNew Delhi:
_bS.K. Kataria sons,
_c2009
300 _a507 p.
942 _2ddc
_cBK
650 _aMechanics
_910681